| 000 | 01357nam a2200349 i 4500 | ||
|---|---|---|---|
| 001 | 000045968 | ||
| 003 | DO-SdBNP | ||
| 005 | 20250630093003.0 | ||
| 007 | ta | ||
| 008 | 150603s2015 dr 000 f spa d | ||
| 020 | _a9789945166767 | ||
| 040 |
_aDO-SdBNP _bspa _cBNPHU _erda |
||
| 041 | _aspa | ||
| 082 | 4 |
_aRD863.5 _bG934s _222 |
|
| 100 | 1 |
_aGuerrero, Laureano, _d1952- _eautor _4aut. _977343 |
|
| 245 | 1 | 3 |
_aLa sentencia : _bnovela / _cLaureano Guerrero Sánchez ; prólogo, Juan Hernández Inirio ; corrección, Herman Ramón Mella Chavier, Aurelio Guerrero |
| 264 | 1 |
_aSanto Domingo, República Dominicana : _bEditorial Santuario, _c2015. |
|
| 300 |
_a168 páginas ; _c23 cm. |
||
| 336 |
_atexto _btxt _2rdacontent |
||
| 337 |
_asin mediación _bn _2rdamedia |
||
| 338 |
_avolumen _bnc _2rdacarrier |
||
| 500 | _aIncluye datos biográficos del autor en la solapa de la cubierta. | ||
| 500 | _aLa biblioteca posee 2 ejemplares autografiados por el autor. | ||
| 590 | _aInventariado, 2025/BT | ||
| 650 | 4 |
_929128 _aNovelas dominicanas |
|
| 650 | 4 |
_aLiteratura dominicana. _967 |
|
| 700 | 1 |
_aJuan Hernández Inirio _d1991 _eprologuista _4pr. _985187 |
|
| 700 | 1 |
_aMella Chavier, Herman Ramón, _ecorrector _4corr. _988211 |
|
| 700 | 1 |
_aGuerrero, Aurelio, _ecorrector _4corr. _988212 |
|
| 910 | _aValidado. Control de calidad. MAA | ||
| 942 |
_2ddc _cLBS1 |
||
| 999 |
_c45457 _d45457 |
||